| 000 | 00503nam a2200181 i 4500 | ||
|---|---|---|---|
| 001 | 17450 | ||
| 003 | ES-MaACL | ||
| 005 | 20230906151604.0 | ||
| 007 | t| | ||
| 008 | 010306s1994 ag ||||1| spa d | ||
| 020 | _a987-99994-0-1 | ||
| 080 | _a821.134.2(82)-31"19" | ||
| 100 | 1 |
_aLobato, Jorge Andrés. _972998 |
|
| 245 | 1 | 0 |
_aEspañoles de la Pachamama / _cJorge Andrés Lobato. |
| 260 |
_aMendoza : _bLa Sopaipilla, _c1994. |
||
| 300 |
_a133 p. ; _c22 cm. |
||
| 852 |
_aES-MaACL _jL-24327 _bR.129169 |
||
| 999 |
_c17450 _d17450 |
||